5-(4-Pyridyl)dipyrromethane-silica sol synthesis and luminescent properties
Methodologies for the immobilization and characterization of 5(4-pyridyl)dipyrromethane into silica gel are described. The corresponding spectroscopic, thermal, and photochemical properties are used for their characterization and study.
Elmentve itt :
| Szerzők: | |
|---|---|
| Testületi szerző: | |
| Dokumentumtípus: | Könyv része |
| Megjelent: |
SZAB
Szeged
2012
|
| Sorozat: | Proceedings of the International Symposium on Analytical and Environmental Problems
17 |
| Kulcsszavak: | Kémia, Fotokémia |
| Tárgyszavak: | |
| Online Access: | http://acta.bibl.u-szeged.hu/76451 |
| LEADER | 01263naa a2200253 i 4500 | ||
|---|---|---|---|
| 001 | acta76451 | ||
| 005 | 20220822102328.0 | ||
| 008 | 220810s2012 hu o 1|| eng d | ||
| 020 | |a 978-963-315-066-5 | ||
| 040 | |a SZTE Egyetemi Kiadványok Repozitórium |b hun | ||
| 041 | |a eng | ||
| 100 | 1 | |a Dudás Zoltán | |
| 245 | 1 | 0 | |a 5-(4-Pyridyl)dipyrromethane-silica sol synthesis and luminescent properties |h [elektronikus dokumentum] / |c Dudás Zoltán |
| 260 | |a SZAB |b Szeged |c 2012 | ||
| 300 | |a 311-314 | ||
| 490 | 0 | |a Proceedings of the International Symposium on Analytical and Environmental Problems |v 17 | |
| 520 | 3 | |a Methodologies for the immobilization and characterization of 5(4-pyridyl)dipyrromethane into silica gel are described. The corresponding spectroscopic, thermal, and photochemical properties are used for their characterization and study. | |
| 650 | 4 | |a Természettudományok | |
| 650 | 4 | |a Kémiai tudományok | |
| 695 | |a Kémia, Fotokémia | ||
| 700 | 0 | 1 | |a Enache Corina |e aut |
| 700 | 0 | 2 | |a Fagadar-Cosma Eugenia |e aut |
| 711 | |a International Symposium on Analytical and Environmental Problems (17.) (2011) (Szeged) |c Szeged |d 2011. szeptember 19. | ||
| 856 | 4 | 0 | |u http://acta.bibl.u-szeged.hu/76451/1/proceedings_of_isaep_2011_311-314.pdf |z Dokumentum-elérés |